| 000 | 00487nam a2200169 i 4500 | ||
|---|---|---|---|
| 001 | 24160 | ||
| 003 | ES-MaACL | ||
| 005 | 20250514194724.0 | ||
| 007 | t| | ||
| 008 | 021216s1971 sp ||||1| spa d | ||
| 100 | 1 |
_aAndrés, Elena, _d1929-2011 _921571 |
|
| 245 | 1 | 0 |
_aDesde aquí mis señales / _cElena Andrés. |
| 260 |
_aSalamanca : _b[s.n., _c1971] ( _fImp. Calatrava) |
||
| 300 |
_a190 p. ; _c21 cm. |
||
| 852 |
_aES-MaACL _jC-41961 _bR.77562 |
||
| 999 |
_c24160 _d24160 |
||